01306cam a22003131 450000100060000000300080000600500170001400800390003103500190007004000230008904100080011205100120012008200220013210000460015424501300020026000430033030000260037350400390039965000410043865000640047965000670054365000600061065000390067070000650070970000460077494200120082099900170083295201430084917261BD-RjUL20211209000119.0140216s1960 nyu b 001 0 eng a(BD-RjUL)17319 aDLCcDLCdDLCbeng aeng cCopy 2.00a821.708bPOE 19601 aCampbell, Oscar James,d1879-1970,95321810aPoetry and criticism of the romantic movement /ceditors: Oscar James Campbell ... J. F. A. Pyre ... [and] Bennett Weaver ... aNew York :bF. S. Crofts & co.,c1960. axii, 849 p. ;c24 cm. aIncludes Index and bibliographies. 0aEnglish poetryy19th century.953219 0aEnglish poetryy19th centuryxHistory and criticism.953220 0aEnglish literaturey19th centuryxHistory and criticism.93006 0aCriticismzGreat BritainxHistoryy19th century.953221 0aRomanticismzGreat Britain.9532221 aPyre, James Francis Augustine,d1871-1934,ejoint ed.9532231 aWeaver, Bennett,d1892-ejoint ed.953224 2ddccBK c17261d17261 00102ddc40718FICaRUCLbRUCLcReadingd1973-03-06eB.H.Black wellg3.56l0o821.708 POE 1960r2014-02-16 00:00:00tC-1w2014-02-16yBK